| 000 | 00520nam a2200205Ia 4500 | ||
|---|---|---|---|
| 003 | OSt | ||
| 005 | 20250602102832.0 | ||
| 008 | 210210b1984 xxu||||| |||| 00| 0 eng d | ||
| 040 | _cAL | ||
| 041 | _aeng | ||
| 082 | _a954 BHAP | ||
| 100 |
_aBHATIA (H S) _9212159 |
||
| 245 | _aPolitical legal and military history of India Vol 1 | ||
| 260 |
_aNew Delhi _bDeep & Deep Publications _c1984 |
||
| 300 | _a380p. | ||
| 440 |
_aVol 1 _9212160 |
||
| 690 |
_aIndian History _9212161 |
||
| 906 | _aSG02909 | ||
| 942 |
_2ddc _cSG |
||
| 999 |
_c113750 _d113750 |
||